000 00540nam a22001937a 4500
003 KOHA_MİRAKIL
005 20251224122604.0
008 251224b tu ||||| |||| 00| 0 tur d
020 _a9786059706131
040 _aTR-AnABB
_btur
_cTR-AnABB
041 _atur
082 _a297. 124
_bTUR 2016
100 1 _aTürkdoğan, Orhan,
245 1 0 _aİslam değerler sistemi ve Max Weber /
_cOrhan Türkdoğan
260 _aKonya :
_bÇizgi Kitabevi,
_c2016
300 _a224 sayfa ;
_c24 cm
650 0 4 _aİslam
942 _2ddc
_cBK
999 _c9907
_d9907
900 _bGizem YORULMAZ